Tutti gli Stati che hanno controllato Gerusalemme - Statistics

Statistiche generali
  • Questo quiz è stato fatto 23 volte
    13 dall'ultimo reset
  • Il punteggio medio è 20 su 38
Statistiche sulle risposte
con Immagini Hint Risposta % Corretto
332 a.C. - 323 a.C. Impero Macedone
100%
538 a.C. - 332 a.C. Impero Achemenide
92%
27 a.C. - 270 Impero Romano
92%
1550 a.C. - 1200 a.C. Nuovo Regno d'Egitto
92%
63 a.C. - 27 a.C. Repubblica Romana
92%
395 - 614 Impero Bizantino
85%
629 - 636 Impero Bizantino
85%
538 a.C. - 539 a.C. Impero Neo-Babilonese
85%
1516 - 1917 Impero Ottomano
85%
273 - 395 Impero Romano
85%
1948 - Oggi Stato d'Israele
85%
1917 - 1948 Impero Britannico (Mandato della Palestina)
77%
319 a.C. - 313 a.C. Regno Tolemaico
77%
312 a.C. - 198 a.C. Regno Tolemaico
77%
1988 - Oggi Stato della Palestina
77%
1948 - 1967 Regno di Giordania
69%
1000 a.C. - 586 a.C. Regno di Giuda
69%
1099 - 1187 Regno di Gerusalemme
62%
1229 . 1244 Regno di Gerusalemme
62%
270 - 273 Impero di Palmira
54%
1098 - 1099 Califfato Fatimide
46%
661 - 750 Califfato Omàyyade
46%
969 - 1073 Califfato Fatimide
38%
~2000 a.C. - 1550 a.C. Tribù dei Cananei
38%
750 - 878 Califfato Abbàside
31%
904 - 969 Califfato Abbàside
31%
614 - 629 Impero Sasanide
31%
164 a.C. - 63 a.C. Regno Asmoneo
31%
198 a.C. - 164 a.C. Impero Seleucide
23%
1077 - 1098 Impero Selgiuchide
23%
313 a.C. - 312 a.C. Regno di Antigono
23%
1260 - 1516 Sultanato Mamelucco
23%
636 - 661 Califfato Rashidun
15%
1073 - 1077 Emirato di Uvak
8%
878 - 904 Emirato Tulunide
8%
323 a.C. - 319 a.C. Regno di Lameodonte
8%
1187 - 1229 Sultanato Ayyubide
8%
1244 - 1260 Sultanato Ayyubide
8%
Nessun quiz corrispondente trovato
Distribuzione punteggi
Percentuale di utenti per punteggio
Percentile per numero di risposta
I tuoi punteggi nel tempo
Non hai fatto questo quiz dall'ultimo reset